| 000 | 00511nam a2200157 a 4500 | ||
|---|---|---|---|
| 001 | ASIN8121929040 | ||
| 005 | 20140701171221.0 | ||
| 008 | 140702s2010 xxu eng d | ||
| 020 | _a8121929040 (paperback) | ||
| 020 | _a9788121929042 (paperback) | ||
| 100 | 1 | _aGnanamurali, M. | |
| 245 | 1 | 0 |
_aEnglish grammar at glance / _cM. Gnanamurali. |
| 260 |
_a[S.l.] : _bS Chand & Co Ltd, _c2010. |
||
| 300 |
_a374 ; _c25 cm. |
||
| 856 | 4 | 0 |
_3Amazon.com _uhttp://www.amazon.com/exec/obidos/ASIN/8121929040/chopaconline-20 |
| 999 |
_c7773 _d7773 |
||